General Catalogue of Publications 2000 (Record no. 19131)
[ view plain ]
| 000 -LEADER | |
|---|---|
| fixed length control field | 00286nam a22001217a 4500 |
| 020 ## - INTERNATIONAL STANDARD BOOK NUMBER | |
| International Standard Book Number | 9282888258 |
| 082 ## - DEWEY DECIMAL CLASSIFICATION NUMBER | |
| Classification number | 025.31 GEN |
| 245 ## - TITLE STATEMENT | |
| Title | General Catalogue of Publications 2000 |
| 260 ## - PUBLICATION, DISTRIBUTION, ETC. | |
| Place of publication, distribution, etc. | UXEMBOURG |
| Name of publisher, distributor, etc. | WHITE CHLORINE |
| Date of publication, distribution, etc. | 2000 |
| 300 ## - PHYSICAL DESCRIPTION | |
| Extent | 334P |
| Other physical details | ill.;24CM |
| 500 ## - GENERAL NOTE | |
| General note | INDEX |
| 942 ## - ADDED ENTRY ELEMENTS (KOHA) | |
| Koha item type | Books |
| Withdrawn status | Lost status | Damaged status | Not for loan | Home library | Current library | Shelving location | Date acquired | Total Checkouts | Full call number | Barcode | Date last seen | Price effective from | Koha item type |
|---|---|---|---|---|---|---|---|---|---|---|---|---|---|
| IFM Main Campus Library | IFM Main Campus Library | Archival Collection | 10/12/2017 | 025.31 GEN | 0000021553 | 10/12/2017 | 02/19/2022 | Books |
